ბათუმის შოთა რუსთაველის სახელმწიფო უნივერსიტეტის ბიბლიოთეკა

ლათინური ენა იურისტებისათვის (ბიბ.ჩანაწერი № 43779)

000 -LEADER
fixed length control field 01055nam a2200253Ia 4500
001 - CONTROL NUMBER
control field 10524
003 - CONTROL NUMBER IDENTIFIER
control field GE_BSU
008 - FIXED-LENGTH DATA ELEMENTS--GENERAL INFORMATION
fixed length control field 181216s||||||||xx |||||||||||||| ||und||
020 ## - INTERNATIONAL STANDARD BOOK NUMBER
International Standard Book Number 9994031309
040 ## - CATALOGING SOURCE
Transcribing agency GE_BSU
100 ## - MAIN ENTRY--PERSONAL NAME
Personal name ტრაპაიძე,ადა; ქურიძე–წიფურია,დალი.
245 ## - TITLE STATEMENT
Title ლათინური ენა იურისტებისათვის
245 ## - TITLE STATEMENT
Remainder of title სახელმძღვ.
245 ## - TITLE STATEMENT
Statement of responsibility, etc. რედ:იამზე გაგუა
250 ## - EDITION STATEMENT
Edition statement მე–2 გამოც.
260 ## - PUBLICATION, DISTRIBUTION, ETC.
Place of publication, distribution, etc. თბილისი
260 ## - PUBLICATION, DISTRIBUTION, ETC.
Name of publisher, distributor, etc. ლოგოსი
260 ## - PUBLICATION, DISTRIBUTION, ETC.
Date of publication, distribution, etc. 2004
300 ## - PHYSICAL DESCRIPTION
Extent 319გვ;20სმ.
520 ## - SUMMARY, ETC.
Summary, etc. პროგრამა ''ლოგოსი", პუბლ.და ღონისძ.კლასიკ.ფილოლ.ბიზანტ.და ნეოგრეც.სფეროში.
653 ## - INDEX TERM--UNCONTROLLED
Uncontrolled term ლათინური ენა იურისტებისათვის.სახელმძღვ.
942 ## - ADDED ENTRY ELEMENTS (KOHA)
Koha item type წიგნი
ეგზემპლარები
Withdrawn status Lost status Damaged status Not for loan Date acquired Barcode Date last seen Price effective from Koha item type
        2018-12-17 34321 2018-12-17 2018-12-17 წიგნი
        2018-12-17 34322 2018-12-17 2018-12-17 წიგნი
        2018-12-17 34323 2018-12-17 2018-12-17 წიგნი
        2018-12-17 34324 2018-12-17 2018-12-17 წიგნი
        2018-12-17 34325 2018-12-17 2018-12-17 წიგნი
        2018-12-17 34326 2018-12-17 2018-12-17 წიგნი
        2018-12-17 34327 2018-12-17 2018-12-17 წიგნი
        2018-12-17 34328 2018-12-17 2018-12-17 წიგნი
        2018-12-17 34329 2018-12-17 2018-12-17 წიგნი
        2018-12-17 34330 2018-12-17 2018-12-17 წიგნი